| 000 | 00399nam a22001697a 4500 | ||
|---|---|---|---|
| 003 | OSt | ||
| 005 | 20250327173835.0 | ||
| 008 | 250327b |||||||| |||| 00| 0 eng d | ||
| 020 | _a9788182902114 | ||
| 082 |
_a755.945 _bMISK |
||
| 100 | _aMisra, Neeru | ||
| 245 | _aKrishna in Indian Art | ||
| 260 |
_aGurgaon _bShubhi Publication _c2010 |
||
| 300 | _a195p | ||
| 546 | _aEnglish | ||
| 942 |
_2ddc _cBK |
||
| 999 |
_c3738 _d3738 |
||